00346nam a2200133Ia 4500008004100000020000900041040001600050041001200066082001800078100001600096245004000112260004500152300001500197230917s9999||||xx |||||||||||||| ||und|| cRS50 e11288aMAIN aEnglish a301.4443 A37R aAziz, Abdul 0aRural poor: Problems and prospectus aNew DelhibAshish Publishing Housec1983 avii, 92 p.